Industria de la construcción : mampostería : determinación de la adherencia por esfuerzo cortante entre el mortero y las piezas de mampostería : método de ensayo = Building Industry : Masonry : Determination of Shear Bond Strength of Mortar Masonry Units : Test Methods /
Norma aplicable a elementos construidos de mampostería con bloques, tabiques o ladrillos y tabicones, en que se mide la adherencia por esfuerzo cortante y el tipo de falla entre estas piezas de mampostería y el mortero de las juntas.
Furkejuvvon:
| Searvvušdahkki: | |
|---|---|
| Materiálatiipa: | Girji |
| Giella: | espánnjágiella |
| Almmustuhtton: |
México :
Organismo Nacional de Normalización y Certificación de la Construcción y la Edificación,
2014, c2013
|
| Fáttát: | |
| Fáddágilkorat: |
Eai fáddágilkorat, Lasit vuosttaš fáddágilkora!
|
MARC
| LEADER | 00000nam^a2200000^a^4500 | ||
|---|---|---|---|
| 001 | 000394958 | ||
| 005 | 20250521000000.0 | ||
| 009 | 20260310121350.363 | ||
| 037 | |a Acervo ITESO - Biblioteca | ||
| 041 | |a ESP | ||
| 082 | |a 624. 0218 |b NMX-C-082 2013 | ||
| 110 | |a México. |b Organismo Nacional de Normalización y Certificación de la Construcción y la Edificación | ||
| 240 | 1 | 1 | |a [Norma Mexicana Industria de la Construcción] |
| 240 | 1 | 1 | |a [Industria de la construcción: normas mexicanas de la serie “C”] |
| 240 | 1 | 1 | |a [Industria de la construcción: normas mexicanas sobre bloques] |
| 240 | 1 | 1 | |a [Industria de la construcción: normas mexicanas sobre mampostería] |
| 245 | 1 | 0 | |a Industria de la construcción : |b mampostería : determinación de la adherencia por esfuerzo cortante entre el mortero y las piezas de mampostería : método de ensayo = Building Industry : Masonry : Determination of Shear Bond Strength of Mortar Masonry Units : Test Methods / |c ONNCCE. |
| 264 | 4 | |a México : |b Organismo Nacional de Normalización y Certificación de la Construcción y la Edificación, |c 2014, c2013 | |
| 300 | |a 9 p. | ||
| 300 | |a 1 folleto | ||
| 336 | |a texto |b txt |2 rdacontenido | ||
| 337 | |a sin mediación |b n |2 rdamedio | ||
| 338 | |a volumen |b nc |2 rdasoporte | ||
| 520 | |a Norma aplicable a elementos construidos de mampostería con bloques, tabiques o ladrillos y tabicones, en que se mide la adherencia por esfuerzo cortante y el tipo de falla entre estas piezas de mampostería y el mortero de las juntas. | ||
| 521 | |a EEnlace Departamento del Hábitat y Desarrollo Urbano 2017 | ||
| 649 | |a XX | ||
| 650 | |a Adherencia - |x Tema Principal | ||
| 650 | |a Esfuerzo y Tensión | ||
| 650 | |a Morteros - |x Tema Principal | ||
| 650 | |a Cerámica y Mampostería - |x Tema Principal | ||
| 650 | |a Resistencia de Materiales | ||
| 650 | |a Materiales de Construcción - |x Prueba y Medición | ||
| 650 | |a Construcción - |z México - |x Leyes y Reglamentos - |x Tema Principal | ||
| 650 | |a Normalización y Certificación - |z México | ||
| 650 | |a Ingeniería Civil | ||
| 910 | |a Fondo General | ||
| 920 | |a Impresos - Libros | ||
| 930 | |a Obras de Referencia | ||
| 905 | |a 102 | ||
| 901 | |a 0500290295 |b IT2 |c FOL |i C155704 |u 20250521 | ||
| 902 | |a https://opac.biblio.iteso.mx/vufind/Record/000394958 | ||